| 000 | 00699cam a2200193 a 4500 | ||
|---|---|---|---|
| 020 | _a9251045879 | ||
| 040 | _cUKM | ||
| 082 | 0 | 4 | _a578 FOO 2001 A082 Or. |
| 245 | 0 | 4 | _aThe living marine resources of the Western Central Pacific. |
| 260 |
_aRome : _a[Great Britain] : _bFood and Agriculture Organization of the United Nations, _c2001. |
||
| 300 |
_aiii, p. 2791-3379, [4] leaves of plates : _bill. (some col.), maps ; _c25 cm. |
||
| 650 | 0 | _aMarine organisms | |
| 700 | 1 | _aCarpenter, Kent E. | |
| 700 | 1 | _aNiem, Volker H. | |
| 710 | 2 | _aFood and Agriculture Organization of the United Nations. | |
| 710 | 2 | _aSouth Pacific Forum Fisheries Agency. | |
| 710 | 2 | _aNORAD (Organisation). | |
| 942 | _cEK | ||
| 999 |
_c16005 _d16005 |
||